000 00611nam a2200241Ia 4500
003 OSt
005 20221005073122.0
006 a|||||r|||| 00| 0
007 ta
008 221004b |||||||| |||| 00| 0 eng d
024 _a58998
037 _cTextual
040 _aCRL
_cCRL
_beng
041 _2eng
_aeng
082 _aV2:25xM69, M5
100 _aBakshi S R
245 0 _aGandhi and Khilafat
260 _aNew Delhi
_bGitanjali Publishing House
_c1985
300 _a123p.
_ccm.
650 _aHISTORY
942 _hV2:25xM69, M5
_cTEXL
_2cc
999 _c980598
_d980598